000 00509nam a22001697a 4500
003 OSt
005 20140310182053.0
008 130822t xxu||||| |||| 00| 0 eng d
050 _aBX 6154
_b.B582 1968
082 _aHS 230.67
_bB47 1968
245 _aBible readings for the home /
260 _aWashington D.C :
_bReview and Herald Publishing Association,
_c1968.
300 _a736 p. ;
_c18 cm.
650 _a Seventh-Day Adventists
_xDoctrinal and Controversial works
_912234
942 _2lcc
999 _c9035
_d9035